01339nam a2200229 a 450000100100000000500170001000800410002704000250006808200150009310000340010824500730014226000430021530000200025849000970027850000630037571000510043883001060048995201870059595201130078295201970089599900170109200004442420240307073948.0140630s2007 dr 000 0 spa d aDO-SdBNPbspacBNPHU axxxxbxxxx1 aMorrison, Mateo,d1947-9146913aEl tema del amor en la poesía de Mateo Morrison /cMateo Morrison. aSanto Domingo :bUniversitaria,c2007. a88 P. ;c21 cm.1 aPublicaciones de la Universidad Autónoma de Santo Domingov1385aliteratura y sociedadv85 aIncluye datos biográficos del autor en la contracubierta1 aUniversidad Autónoma de Santo Domingo972951 0aPublicaciones de la Universidad Autónoma de Santo Domingo ;v1385pliteratura y sociedadn85972439 001054708DSaGRbGRcHDd2015-07-14iLF1l0oxxxx xxxxp44424-30r2020-06-25te. 3w2020-06-25yLFDSzPerteneció a la biblioteca personal de Erick Landestoy.ZPréstamo en sala 0010718PDaPDbPDcHDd2014-06-30iLF1l0oxxxx xxxxp44424-10r2020-06-25w2020-06-25yLFPDZNo se presta 0010718PDaPDbPDcHDd2015-04-22iLF1l0oxxxx xxxxp44424-20r2020-06-25te. 2w2020-06-25yLFPDzPerteneció a la biblioteca personal de Chiqui Vicioso / Fidelio Despradel.ZNo se presta c43913d43913